000 00543nam a2200205Ia 4500
003 OSt
005 20240306115917.0
008 210210b2012 xxu||||| |||| 00| 0 eng d
020 _a8125910840
040 _cAL
041 _aeng
082 _a332.6 PANS
100 _aPANDIAN (Punithavathy)
_9153219
245 _aSecurity analysis and portfolio management
260 _aNew Delhi
_bVikas Publishing House Private Limited
_c2012
300 _axvii,464
690 _aInvestment Management
_9153225
906 _a067279
942 _2ddc
_cBK
999 _c149584
_d149584